Normal view
MARC view
Entry Nombre personal
001 - NÚMERO DE CONTROL
- campo de control: 782
003 - IDENTIFICADOR DE NÚMERO DE CONTROL
- campo de control: DLC
005 - FECHA Y HORA DE LA ÚLTIMA TRANSACCIÓN
- campo de control: 20260306080048.0
008 - ELEMENTOS DE DATO DE LONGITUD-FIJA
- campo de control de longitud fija: 880311n| azannaabn |n aaa
010 ## - NÚMERO DE CONTROL DE LA BIBLIOTECA DEL CONGRESO
- Número de control de LC: n 88618866
035 ## - NÚMERO DE CONTROL DEL SISTEMA
- Número de control de sistema: (OCoLC)oca02225225
040 ## - FUENTE DE CATALOGACIÓN
- Centro catalogador/agencia de origen: DLC
- Lengua de catalogación: eng
- Normas de descripción: rda
- Centro/agencia transcriptor: DLC
- Centro/agencia modificador: DLC
- Centro/agencia modificador: OCoLC
- Centro/agencia modificador: IEN
100 1# - ENCABEZAMIENTO-NOMBRE DE PERSONA
- Nombre de persona: Hurbon, Laënnec
370 ## - LUGAR ASOCIADO
- Lugar de nacimiento: Jacmel (Haiti)
- País asociado: Haiti
- País asociado: France
- Fuente del término: naf
373 ## - GRUPO ASOCIADO
- Grupo asociado: Université Quisqueya
- Fuente del término: naf
373 ## - GRUPO ASOCIADO
- Grupo asociado: Comité national haïtien de la route de l'esclave
- Fuente del término: naf
373 ## - GRUPO ASOCIADO
- Grupo asociado: Centre national de la recherche scientifique (France)
- Fuente del término: naf
374 ## - OCUPACIÓN
- Ocupación: Sociologists
- Fuente del término: lcsh
375 ## - GÉNERO/SEXO
- Género: male
377 ## - IDIOMA ASOCIADO
- Código del idioma: fre
670 ## - FUENTE DE DATOS ENCONTRADOS
- Cita de la fuente: His Le barbare imaginaire, 1987:
- Información encontrada: t.p. (Laënnec Hurbon) p. 4 of cover (b. Jacmel, docteur en théologie, docteur en sociologie, directeur de recherche au CNRS)
670 ## - FUENTE DE DATOS ENCONTRADOS
- Cita de la fuente: LC data base, 3-11-88
- Información encontrada: (hdg.: Hurbon, Laënnec)
670 ## - FUENTE DE DATOS ENCONTRADOS
- Cita de la fuente: La route de l'esclave, 2016:
- Información encontrada: page 383 (Laënnec Hurbon, sociologue-CNRS, Président du comité national haïtien de la Route de l'esclave)
670 ## - FUENTE DE DATOS ENCONTRADOS
- Cita de la fuente: UQAC, Université du Québec à Chicoutimi website, Les classiques des sciences sociales, viewed Aug. 2, 2016
- Información encontrada: (Laënnec HURBON; doctorate in theology (Institut catholique de Paris) and in sociology (Sorbonne); director of research, CNRS; professor, Université Quisqueya de Port-au-Prince)